Alimentos y las nuevas leyes de mayoría de edad, matrimonio entre personas del mismo sexo y mediación /
Guardado en:
| Autor Principal: | |
|---|---|
| Formato: | Libro |
| Idioma: | Spanish |
| Publicado: |
Buenos Aires :
García Alonso,
2010
|
| Edición: | 1a. ed. |
| Materias: | |
| Etiquetas: |
Agregar Etiqueta
Sin Etiquetas, Sea el primero en etiquetar este registro!
|
| LEADER | 01384nam a22001935a 4500 | ||
|---|---|---|---|
| 001 | DER.der012318 | ||
| 008 | 180615s2010####ag#||||||||||||||#||spa|| | ||
| 005 | 20251205155120.0 | ||
| 245 | 1 | 0 | |a Alimentos y las nuevas leyes de mayoría de edad, matrimonio entre personas del mismo sexo y mediación / |c Claudio Alejandro Belluscio. |
| 250 | |a 1a. ed. | ||
| 260 | |a Buenos Aires : |b García Alonso, |c 2010 | ||
| 300 | |a 288 p. |e 1 Cd | ||
| 505 | 0 | |a Los alimentos debidos a los hijos de entre 18 y 21 años. Características. Percepción y administración de la cuota por parte del hijo. Su modificación y cese. Legitimación procesal. Hijo que cursa carrera universitaria. Causas en trámite a la entrada en vigencia de la ley 26.579. Convenios que se pueden efectuar. | |
| 505 | 0 | |a Cónyuges del mismo sexo: alimentos durante la convivencia, la separación de hecho, la separación personal, el divorcio vincular y la nulidad matrimonial. Posibilidad de establecer alimentos provisorios. Los alimentos para sus hijos adoptivos y afines. | |
| 505 | 0 | |a Aplicación de la Mediación a los alimentos en la nueva ley 26.589. Retroactividad de la cuota alimentaria al momento de la mediación. Fuerza ejecutoria del convenio arribado en esta etapa procesal. | |
| 020 | |a 9789879488867 | ||
| 100 | 1 | |a Belluscio, Claudio Alejandro | |
| 650 | 7 | |a DERECHO DE FAMILIA | |
| 859 | |a DERECHO |b BIB. DERECHO |h 346 |i BEL |p 007109 | ||
